| 000 | 00386nam a2200169Ia 4500 | ||
|---|---|---|---|
| 008 | 210210b1947 xxu||||| |||| 00| 0 eng d | ||
| 041 | _aeng | ||
| 082 | _a828/51 | ||
| 100 | _aBEVERIDGE (L) | ||
| 245 | _aIndia called them | ||
| 260 |
_aLondon _bGeorge Allen & Unwin Ltd _c1947 |
||
| 650 | _athem | ||
| 650 | _aIndia | ||
| 650 | _acalled | ||
| 690 | _aBiography | ||
| 906 | _a015896 | ||
| 999 |
_c135286 _d135286 |
||